|
|
|
|
| LEADER |
00614nta a2200169 i 4500 |
| 001 |
dipl84953 |
| 005 |
20200305084855.0 |
| 008 |
200304s2007 hu om 0|| zxx d |
| 040 |
|
|
|a SZTE Diploma Repozitórium
|b hun
|
| 041 |
|
|
|a zxx
|
| 100 |
1 |
|
|a Török Mária
|
| 245 |
1 |
2 |
|a A szentesi feketekerámia
|h [elektronikus dokumentum] /
|c Mária Török
|
| 246 |
1 |
0 |
|a The black ceramics in Szentes
|h [elektronikus dokumentum]
|
| 260 |
|
|
|c 2007
|
| 650 |
|
4 |
|a Természettudományok
|
| 700 |
2 |
|
|a Berecz Árpádné Dr. Győry Margit
|e ths
|
| 856 |
4 |
0 |
|u http://diploma.bibl.u-szeged.hu/id/eprint/84953/1/2007_torok_maria.pdf
|z Dokumentum-elérés
|